| 000 | 00757nam a22002177a 4500 | ||
|---|---|---|---|
| 008 | 120809t nyu||||| |||| 00| 0 eng d | ||
| 020 | _a3110165724 | ||
| 050 | 0 | 4 |
_aPC4826 _bA42 1993 |
| 245 | 0 | 0 |
_aSpanish in the United States : _blinguistic contact and diversity / _cEdited by Ana Roca and John M. Lipski |
| 250 | _a1a ed. | ||
| 260 |
_aBerlin ; New York : _bMouton de Gruyter, _c1982 |
||
| 300 |
_aviii, 212 p. : _bil. ; _c23 cm. |
||
| 440 | 0 |
_aStudies in Antropological Lingustics ; _v6 |
|
| 504 | _aIncluye referencias bibliograficas e índice | ||
| 650 | 4 | _aLenguaje Español | |
| 650 | 4 |
_aAspectos Sociales _zEstados Unidos |
|
| 650 | 4 | _aBilingïismo | |
| 700 | 1 |
_aRoca, Ana, _qed. |
|
| 700 | 1 |
_aLipski, John M., _qed. |
|
| 942 |
_2lcc _cLIB |
||
| 999 |
_c32505 _d32505 |
||